<?xml version="1.0" encoding="UTF-8"?>
<collection xmlns="http://www.loc.gov/MARC21/slim">
<record>
  <controlfield tag="001">16672</controlfield>
  <controlfield tag="005">20260201174230.0</controlfield>
  <datafield tag="022" ind1=" " ind2=" ">
    <subfield code="a">1895-4588</subfield>
  </datafield>
  <datafield tag="022" ind1=" " ind2=" ">
    <subfield code="a">1895-4588</subfield>
    <subfield code="l">1895-4588</subfield>
  </datafield>
  <datafield tag="022" ind1=" " ind2=" ">
    <subfield code="a">2299-0054</subfield>
  </datafield>
  <datafield tag="024" ind1="7" ind2=" ">
    <subfield code="2">ZDBID</subfield>
    <subfield code="a">PERI:(DE-600)2596147-0</subfield>
  </datafield>
  <datafield tag="024" ind1="7" ind2=" ">
    <subfield code="2">ZDBPPN</subfield>
    <subfield code="a">ZDPPN:1010228072</subfield>
  </datafield>
  <datafield tag="024" ind1="7" ind2=" ">
    <subfield code="2">EZBID</subfield>
    <subfield code="a">PERI:(DE-606)151602</subfield>
  </datafield>
  <datafield tag="024" ind1="7" ind2=" ">
    <subfield code="2">EZBID</subfield>
    <subfield code="a">PERI:(DE-606)151602</subfield>
  </datafield>
  <datafield tag="024" ind1="7" ind2=" ">
    <subfield code="2">OCLC</subfield>
    <subfield code="a">OCLC:746274784</subfield>
  </datafield>
  <datafield tag="024" ind1="7" ind2=" ">
    <subfield code="2">JCR</subfield>
    <subfield code="a">JCR:VIDEOSURGERY MINIINV</subfield>
  </datafield>
  <datafield tag="024" ind1="7" ind2=" ">
    <subfield code="2">ISI</subfield>
    <subfield code="a">WOS:VIDEOSURGERY AND OTHER MINIINVASIVE TECHNIQUES</subfield>
  </datafield>
  <datafield tag="024" ind1="7" ind2=" ">
    <subfield code="2">SCOPUS</subfield>
    <subfield code="a">SCOPUS:19200156704</subfield>
  </datafield>
  <datafield tag="024" ind1="7" ind2=" ">
    <subfield code="2">Medline</subfield>
    <subfield code="a">medline:101283175</subfield>
  </datafield>
  <datafield tag="035" ind1=" " ind2=" ">
    <subfield code="a">PERI:(DE-600)2596147-0</subfield>
  </datafield>
  <datafield tag="040" ind1=" " ind2=" ">
    <subfield code="a">4002</subfield>
    <subfield code="b">ger</subfield>
    <subfield code="c">DE-101</subfield>
    <subfield code="d">JOIN²</subfield>
    <subfield code="e">JOIN² journal identification</subfield>
  </datafield>
  <datafield tag="041" ind1=" " ind2=" ">
    <subfield code="a">eng</subfield>
  </datafield>
  <datafield tag="044" ind1=" " ind2=" ">
    <subfield code="c">XA-PL</subfield>
  </datafield>
  <datafield tag="082" ind1=" " ind2=" ">
    <subfield code="2">22sdnb</subfield>
    <subfield code="a">610</subfield>
    <subfield code="q">DE-600</subfield>
  </datafield>
  <datafield tag="082" ind1="7" ind2="4">
    <subfield code="2">22sdnb</subfield>
    <subfield code="a">610</subfield>
    <subfield code="q">DE-600</subfield>
  </datafield>
  <datafield tag="210" ind1="0" ind2=" ">
    <subfield code="2">iso</subfield>
    <subfield code="a">Wideochir Inne Tech Maloinwazyjne</subfield>
  </datafield>
  <datafield tag="210" ind1="0" ind2=" ">
    <subfield code="2">dnlm</subfield>
    <subfield code="a">Wideochir Inne Tech Maloinwazyjne</subfield>
  </datafield>
  <datafield tag="210" ind1="0" ind2=" ">
    <subfield code="2">iso</subfield>
    <subfield code="a">Wideochir Inne Tech Maloinwazyjne</subfield>
  </datafield>
  <datafield tag="242" ind1="2" ind2="0">
    <subfield code="2">DE-600</subfield>
    <subfield code="a">Wideochirurgia i inne techniki małoinwazyjne</subfield>
    <subfield code="b">= Videosurgery and other miniinvasive techniques</subfield>
    <subfield code="y">en</subfield>
  </datafield>
  <datafield tag="242" ind1="2" ind2="0">
    <subfield code="2">DE-600</subfield>
    <subfield code="a">Wideochirurgia i inne techniki małoinwazyjne</subfield>
    <subfield code="b">= Videosurgery and other miniinvasive techniques</subfield>
  </datafield>
  <datafield tag="245" ind1=" " ind2=" ">
    <subfield code="2">DE-600</subfield>
    <subfield code="a">Wideochirurgia i inne techniki małoinwazyjne</subfield>
    <subfield code="b">= Videosurgery and other miniinvasive techniques</subfield>
    <subfield code="h">print, online</subfield>
  </datafield>
  <datafield tag="246" ind1="3" ind2=" ">
    <subfield code="2">DE-600</subfield>
    <subfield code="a">Wideochirurgia i inne techniki małoinwazyjne</subfield>
  </datafield>
  <datafield tag="246" ind1="3" ind2=" ">
    <subfield code="a">Videosurgery and other Miniinvasive Techniques</subfield>
  </datafield>
  <datafield tag="246" ind1="3" ind2=" ">
    <subfield code="a">Wideochirurgia i inne techniki małoinwazyjne</subfield>
  </datafield>
  <datafield tag="246" ind1="3" ind2=" ">
    <subfield code="a">= Videosurgery and other miniinvasive techniques</subfield>
  </datafield>
  <datafield tag="260" ind1=" " ind2=" ">
    <subfield code="a">Poznań</subfield>
    <subfield code="b">Termedia Wydawnictwa Med.</subfield>
    <subfield code="c">2006-</subfield>
  </datafield>
  <datafield tag="260" ind1="7" ind2=" ">
    <subfield code="2">DOAJ</subfield>
    <subfield code="a">Poland</subfield>
    <subfield code="b">Medycyna Praktyczna</subfield>
    <subfield code="d">2025-05-06T10:39:30Z</subfield>
    <subfield code="f">Polish Videosurgery Society</subfield>
  </datafield>
  <datafield tag="264" ind1="3" ind2="1">
    <subfield code="a">Poznań</subfield>
    <subfield code="b">Termedia Wydawnictwa Med.</subfield>
    <subfield code="c">2006-</subfield>
  </datafield>
  <datafield tag="362" ind1="0" ind2=" ">
    <subfield code="2">DE-600</subfield>
    <subfield code="a">Vol. 1, 1 (2006)-</subfield>
  </datafield>
  <datafield tag="363" ind1="0" ind2="1">
    <subfield code="2">DE-600</subfield>
    <subfield code="8">1.1\x</subfield>
    <subfield code="a">1</subfield>
    <subfield code="i">2006</subfield>
  </datafield>
  <datafield tag="365" ind1=" " ind2=" ">
    <subfield code="2">DOAJ</subfield>
    <subfield code="a">APC</subfield>
    <subfield code="b">2300</subfield>
    <subfield code="c">EUR</subfield>
    <subfield code="d">2025-05-06T10:39:30Z</subfield>
  </datafield>
  <datafield tag="380" ind1=" " ind2=" ">
    <subfield code="2">marcgt</subfield>
    <subfield code="a">journal</subfield>
  </datafield>
  <datafield tag="500" ind1=" " ind2=" ">
    <subfield code="a">Automatically generated record. (Updated: 2025-11-10)</subfield>
  </datafield>
  <datafield tag="540" ind1=" " ind2=" ">
    <subfield code="5">PubMed Central</subfield>
    <subfield code="a">Free access after 0 months (Immediate release).  OpenAccess,  coverage</subfield>
    <subfield code="d">2025-11-10</subfield>
  </datafield>
  <datafield tag="650" ind1=" " ind2="7">
    <subfield code="0">ASJC:2729</subfield>
    <subfield code="2">ASJC</subfield>
    <subfield code="a">Obstetrics and Gynecology</subfield>
  </datafield>
  <datafield tag="650" ind1=" " ind2="7">
    <subfield code="0">ASJC:2715</subfield>
    <subfield code="2">ASJC</subfield>
    <subfield code="a">Gastroenterology</subfield>
  </datafield>
  <datafield tag="650" ind1=" " ind2="7">
    <subfield code="0">ASJC:2746</subfield>
    <subfield code="2">ASJC</subfield>
    <subfield code="a">Surgery</subfield>
  </datafield>
  <datafield tag="650" ind1=" " ind2="7">
    <subfield code="0">ASJC:2748</subfield>
    <subfield code="2">ASJC</subfield>
    <subfield code="a">Urology</subfield>
  </datafield>
  <datafield tag="653" ind1="1" ind2="0">
    <subfield code="2">EZB-Subject</subfield>
    <subfield code="a">Medicine</subfield>
  </datafield>
  <datafield tag="653" ind1="1" ind2="0">
    <subfield code="2">EZB-Keyword</subfield>
    <subfield code="a">Chirurgie</subfield>
  </datafield>
  <datafield tag="653" ind1="1" ind2="0">
    <subfield code="2">DOAJ</subfield>
    <subfield code="a">videosurgery</subfield>
    <subfield code="d">2025-05-06T10:39:30Z</subfield>
  </datafield>
  <datafield tag="653" ind1="1" ind2="0">
    <subfield code="2">DOAJ</subfield>
    <subfield code="a">miniinvasive techniques</subfield>
    <subfield code="d">2025-05-06T10:39:30Z</subfield>
  </datafield>
  <datafield tag="653" ind1="1" ind2="0">
    <subfield code="2">DOAJ</subfield>
    <subfield code="a">oncology</subfield>
    <subfield code="d">2025-05-06T10:39:30Z</subfield>
  </datafield>
  <datafield tag="653" ind1="1" ind2="0">
    <subfield code="2">DOAJ</subfield>
    <subfield code="a">bariatric surgery</subfield>
    <subfield code="d">2025-05-06T10:39:30Z</subfield>
  </datafield>
  <datafield tag="653" ind1="1" ind2="0">
    <subfield code="2">DOAJ</subfield>
    <subfield code="a">thoracic surgery</subfield>
    <subfield code="d">2025-05-06T10:39:30Z</subfield>
  </datafield>
  <datafield tag="653" ind1="1" ind2="0">
    <subfield code="2">DOAJ</subfield>
    <subfield code="a">surgery</subfield>
    <subfield code="d">2025-05-06T10:39:30Z</subfield>
  </datafield>
  <datafield tag="653" ind1="1" ind2="0">
    <subfield code="2">DOAJ</subfield>
    <subfield code="a">Medicine</subfield>
    <subfield code="d">2025-05-06T10:39:30Z</subfield>
  </datafield>
  <datafield tag="776" ind1="0" ind2="8">
    <subfield code="2">DE-600</subfield>
    <subfield code="i">Erscheint auch als</subfield>
    <subfield code="n">Druck-Ausgabe</subfield>
    <subfield code="t">Videosurgery and other Miniinvasive Techniques</subfield>
    <subfield code="x">1895-4588</subfield>
  </datafield>
  <datafield tag="856" ind1="4" ind2=" ">
    <subfield code="d">0</subfield>
    <subfield code="u">http://www.termedia.pl/Czasopismo/Wideochirurgia_i_inne_techniki_maloinwazyjne_Videosurgery_and_Other_Miniinvasive_Techniques-42</subfield>
    <subfield code="y">Journal homepage</subfield>
  </datafield>
  <datafield tag="856" ind1="4" ind2=" ">
    <subfield code="d">0</subfield>
    <subfield code="u">https://ezb.ur.de/?2596147-0</subfield>
    <subfield code="y">EZB</subfield>
  </datafield>
  <datafield tag="856" ind1="4" ind2=" ">
    <subfield code="d">0</subfield>
    <subfield code="u">https://www.mp.pl/videosurgery/about-us</subfield>
    <subfield code="y">Editorial board</subfield>
  </datafield>
  <datafield tag="856" ind1="4" ind2=" ">
    <subfield code="d">0</subfield>
    <subfield code="u">https://www.mp.pl/videosurgery/for-authors</subfield>
    <subfield code="y">Review process</subfield>
  </datafield>
  <datafield tag="856" ind1="4" ind2=" ">
    <subfield code="d">0</subfield>
    <subfield code="u">https://www.termedia.pl/Journal/Wideochirurgia_i_inne_techniki_maloinwazyjne_Videosurgery_and_Other_Miniinvasive_Techniques-42</subfield>
    <subfield code="y">Verlag = kostenfrei</subfield>
  </datafield>
  <datafield tag="880" ind1="1" ind2=" ">
    <subfield code="2">DE-600</subfield>
    <subfield code="a">Wideochirurgia i inne techniki małoinwazyjne</subfield>
    <subfield code="b">= Videosurgery and other miniinvasive techniques</subfield>
  </datafield>
  <datafield tag="909" ind1="C" ind2="O">
    <subfield code="o">oai:juser.fz-juelich.de:64406</subfield>
    <subfield code="p">authority:PERI</subfield>
    <subfield code="p">authority</subfield>
  </datafield>
  <datafield tag="915" ind1=" " ind2=" ">
    <subfield code="0">StatID:(DE-HGF)0200</subfield>
    <subfield code="2">StatID</subfield>
    <subfield code="a">DBCoverage</subfield>
    <subfield code="b">SCOPUS</subfield>
    <subfield code="d">2025-11-10</subfield>
  </datafield>
  <datafield tag="915" ind1=" " ind2=" ">
    <subfield code="0">StatID:(DE-HGF)0300</subfield>
    <subfield code="2">StatID</subfield>
    <subfield code="a">DBCoverage</subfield>
    <subfield code="b">Medline</subfield>
    <subfield code="d">2025-11-10</subfield>
  </datafield>
  <datafield tag="915" ind1=" " ind2=" ">
    <subfield code="0">StatID:(DE-HGF)0320</subfield>
    <subfield code="2">StatID</subfield>
    <subfield code="a">DBCoverage</subfield>
    <subfield code="b">PubMed Central</subfield>
    <subfield code="d">2025-11-10</subfield>
  </datafield>
  <datafield tag="915" ind1=" " ind2=" ">
    <subfield code="0">StatID:(DE-HGF)0501</subfield>
    <subfield code="2">StatID</subfield>
    <subfield code="a">DBCoverage</subfield>
    <subfield code="b">DOAJ Seal</subfield>
    <subfield code="d">2025-05-06T10:39:30Z</subfield>
  </datafield>
  <datafield tag="915" ind1=" " ind2=" ">
    <subfield code="0">StatID:(DE-HGF)0500</subfield>
    <subfield code="2">StatID</subfield>
    <subfield code="a">DBCoverage</subfield>
    <subfield code="b">DOAJ</subfield>
    <subfield code="d">2025-05-06T10:39:30Z</subfield>
  </datafield>
  <datafield tag="915" ind1=" " ind2=" ">
    <subfield code="0">StatID:(DE-HGF)0030</subfield>
    <subfield code="2">StatID</subfield>
    <subfield code="a">Peer Review</subfield>
    <subfield code="b">DOAJ : Double anonymous peer review</subfield>
    <subfield code="d">2025-05-06T10:39:30Z</subfield>
  </datafield>
  <datafield tag="915" ind1=" " ind2=" ">
    <subfield code="0">StatID:(DE-HGF)0199</subfield>
    <subfield code="2">StatID</subfield>
    <subfield code="a">DBCoverage</subfield>
    <subfield code="b">Clarivate Analytics Master Journal List</subfield>
    <subfield code="d">2025-11-10</subfield>
  </datafield>
  <datafield tag="915" ind1=" " ind2=" ">
    <subfield code="0">StatID:(DE-HGF)0160</subfield>
    <subfield code="2">StatID</subfield>
    <subfield code="a">DBCoverage</subfield>
    <subfield code="b">Essential Science Indicators</subfield>
    <subfield code="d">2025-11-10</subfield>
  </datafield>
  <datafield tag="915" ind1=" " ind2=" ">
    <subfield code="0">StatID:(DE-HGF)0113</subfield>
    <subfield code="2">StatID</subfield>
    <subfield code="a">WoS</subfield>
    <subfield code="b">Science Citation Index Expanded</subfield>
    <subfield code="d">2025-11-10</subfield>
  </datafield>
  <datafield tag="915" ind1=" " ind2=" ">
    <subfield code="0">StatID:(DE-HGF)0150</subfield>
    <subfield code="2">StatID</subfield>
    <subfield code="a">DBCoverage</subfield>
    <subfield code="b">Web of Science Core Collection</subfield>
    <subfield code="d">2025-11-10</subfield>
  </datafield>
  <datafield tag="915" ind1=" " ind2=" ">
    <subfield code="0">StatID:(DE-HGF)0100</subfield>
    <subfield code="2">StatID</subfield>
    <subfield code="a">JCR</subfield>
    <subfield code="b">VIDEOSURGERY MINIINV : 2022</subfield>
    <subfield code="d">2025-11-10</subfield>
  </datafield>
  <datafield tag="915" ind1=" " ind2=" ">
    <subfield code="0">StatID:(DE-HGF)0600</subfield>
    <subfield code="2">StatID</subfield>
    <subfield code="a">DBCoverage</subfield>
    <subfield code="b">Ebsco Academic Search</subfield>
    <subfield code="d">2025-11-10</subfield>
  </datafield>
  <datafield tag="915" ind1=" " ind2=" ">
    <subfield code="0">StatID:(DE-HGF)0030</subfield>
    <subfield code="2">StatID</subfield>
    <subfield code="a">Peer Review</subfield>
    <subfield code="b">ASC</subfield>
    <subfield code="d">2025-11-10</subfield>
  </datafield>
  <datafield tag="915" ind1=" " ind2=" ">
    <subfield code="0">StatID:(DE-HGF)9900</subfield>
    <subfield code="2">StatID</subfield>
    <subfield code="a">IF &lt; 5</subfield>
    <subfield code="d">2025-11-10</subfield>
  </datafield>
  <datafield tag="915" ind1=" " ind2=" ">
    <subfield code="0">StatID:(DE-HGF)0561</subfield>
    <subfield code="2">StatID</subfield>
    <subfield code="a">Article Processing Charges</subfield>
    <subfield code="d">2025-11-10</subfield>
  </datafield>
  <datafield tag="915" ind1=" " ind2=" ">
    <subfield code="0">StatID:(DE-HGF)0700</subfield>
    <subfield code="2">StatID</subfield>
    <subfield code="a">Fees</subfield>
    <subfield code="d">2025-11-10</subfield>
  </datafield>
  <datafield tag="980" ind1=" " ind2=" ">
    <subfield code="a">PERI</subfield>
  </datafield>
  <datafield tag="980" ind1=" " ind2=" ">
    <subfield code="a">AUTHORITY</subfield>
  </datafield>
  <datafield tag="909" ind1="C" ind2="O">
    <subfield code="o">oai:juser.fz-juelich.de:64406</subfield>
  </datafield>
</record>
</collection>